LEADER 01512nam a2200349 u 4500 001 000000034481 003 CaOOAMICUS 005 20070226112458.0 008 980112s1997 it u000 u ita u 020 $a8839903941 035 $a10779726 040 $aPUL$bita$dMSA 100 1 $aMarchesi, Giovanni,$cS.I.,$d1939-2007.$0(OLS)http://pul/name/57205 245 13$aLa cristologia trinitaria di Hans Urs von Balthasar :$bGesu Cristo pienezza della rivelazione e della salvezza /$cGiovanni Marchesi. 260 $aBrescia :$bQueriniana,$c1997. 300 $a666 p. ;$c23 cm 490 1 $aBiblioteca di teologia contemporanea ;$v94 500 $aComprende indici. 504 $aBibliografia: p. 631-650. 600 14$aBalthasar, Hans Urs von,$ccard.,$d1905-1988.$0(OLS)http://pul/subject/4491 650 4$aCristologia.$0(OLS)http://pul/subject/1402 830 0$aBiblioteca di teologia contemporanea ;$v94.$0(OLS)http://pul/title/7472 850 $aPUL 852 $aPUL$W1$xSL Religione 3$y85$m200 BTC 1.94$j47228$nBK-PRI$b $qDDC 21$B47228$CPULBib$Z2$F47228 $82 941 1 $a8 960 $aIesus Christus$91402 960 $aIesus Christus$91402 961 $aINV: 77217 -- corrente 983 0$aBTC. 996 $6020$a8839903941$9(OLS)http://pul/number/43260 996 $6245$aLa cristologia trinitaria di Hans Urs von Balthasar :$bGesu Cristo pienezza della rivelazione e della salvezza$9(OLS)http://pul/title/47457 996 $6260$aBrescia :$bQueriniana$9(OLS)http://pul/publisher/47906 LEADER 01588nam a2200301 u 4500 001 000000120074 003 CaOOAMICUS 005 20100217112720.0 008 100217t2005 dcu u000 u eng u 020 $a1-58901-058-2 040 $aPUL$bita$dReb 245 00$aModern Catholic social teaching :$bcommentaries and interpretations /$cEditor Kenneth R. Himes, O.F.M. ; associate editors Lisa Sowle Cahill, Charles E. curran, David Hollenbach, S.J., Thomas A. Shannon. 260 $aWashington, D.C. :$bGeorgetown University Press,$cİ2005. 300 $axi, 563 p. ;$c26 cm 500 $aTesto su 2 colonne. 504 $aInclude riferimenti bibliografici ed indice. 610 24$aChiesa cattolica$xDottrine$ySec. XX$xCommenti e interpretazione.$0(OLS)http://pul/subject/36455 700 1 $aHimes, Kenneth R.,$cO.F.M.$0(OLS)http://pul/name/75091 700 1 $aSowle Cahill, Lisa.$0(OLS)http://pul/name/75092 700 1 $aShannon, Thomas A.$q(Thomas Anthony),$d1940-$0(OLS)http://pul/name/37619 700 1 $aHollenbach, David,$cS.I.$0(OLS)http://pul/name/75093 700 1 $aCurran, Charles E.,$csac.$0(OLS)http://pul/name/53030 850 $aPUL 852 $aPUL$W1$xSL Religione 3$y85$m261. 8 HIMKE 1$j137702$qDDC 21$B136833$CPULBib$Z2$F136833 $H111571 $82 941 1 $a9 996 $6020$a1-58901-058-2$9(OLS)http://pul/number/143318 996 $6245$aModern Catholic social teaching :$bcommentaries and interpretations$9(OLS)http://pul/title/151042 996 $6260$aWashington, D.C. :$bGeorgetown University Press$9(OLS)http://pul/publisher/75485